1993 1252 1373 1772 1147 1882 1430 1050 1305 1362 1916 1139 1359 1735 1740 1111 1066 1012 1551 1700 1863 1208 1071 1529 1141 1192 1402 1301 1243 1321 1100 1715 1796 1607 1512 1045 1887 1667 1514 1334 1086 1712 1859 1250 1049 1084 1004 1316 1526 1147 1228 1412 1448 1072 1274 1617 1934 1850 1341 1895 1672 1539 1778 1476 1777 1341 1817 1120 1832 1226 1600 1466 1171 1327 1415 1902 1200 1763 1296 1280 1863 1078 1375 1945 1391 1312 1013 1525 1093 1697 1073 1596 1039 1251 1598 1408 1153 1139 1685 BCNSPRNW ULIB Ver.6.0+V

เปลี่ยนเป็นภาษาไทย

Change to English
 แสดงรายละเอียดบรรณานุกรม
  กลับหน้าหลัก

Brief Record : Get Marc (ISO 2709) : E-mail record : QR code < ปิดหน้าต่าง
LEADER : 00000nam 2200000uu 4500
001    13399123301
003     ULIB
008    140815s2556||||th 000 0 tha d
099    วจ.WC500^bร623ป
100 0  รุ่งนภา สุตินันท์โอภาส และจิราพร พรมแก้วงาม
245 00 ปัจจัยส่วนบุคคลที่มีความสัมพันธ์กับพฤติกรรมการป้องกันโรคมือเท้าปาก ของอาสามัครสาธารณสุขประจำหมู่บ้านในเขตเทศบาลนครลำปาง จังหวัดลำปาง/^cรุ่งนภา สุตินันท์โอภาส และจิราพร พรมแก้วงาม
260    ลำปาง :^bวิทยาลัยพยาบาลบรมราชชนนี นครลำปาง,^c2556
300    45 หน้า
650  0 โรคมือเท้าปาก^xวิจัย
700 0  จิราพร พรมแก้วงาม
945    ^p0^l0^i034609
999    ^aเกษร โพธิ์สุวรรณ
รายการนี้ยังไม่มีแท็ก
คุณยังไม่ได้ล็อกอิน คุณสามารถมีกิจกรรมร่วมกับเว็บไซต์ได้ แต่ต้องล็อกอินก่อน ::
  ล็อกอิน

รายการสื่อสารสนเทศ

ลำดับที่ ประเภท เลขเรียก/บาร์โค้ด สถานที่ สถานะ
1. งานวิจัย
งานวิจัย
วจ.WC500 ร623ป ฉ.1 
  Barcode: 034609
ห้องสมุดวิทยาเขตสวรรค์ประชารักษ์
►วิจัย
บนชั้น

BibComment


ยังไม่เคยถูกคอมเมนท์

คอมเมนท์ทรัพยากรรายการนี้
  คอมเมนท์: ปัจจัยส่วนบุคคลที..


 Copyright 2026. Bcnsprnw @Library